000 00727nam a2200289 a 4500
003 AR-BaBNM
005 20251128203110.0
008 082120s2002 ||||||||||||||000 | spa||
040 _cAR-BaBNM
100 1 _aPauwels, Louis
245 0 0 _aCarta abierta a la gente feliz
250 _a1ª ed.
260 _aBuenos Aires
_bEmecé
_c1972
300 _a186 p.
490 0 _aCartas abiertas
650 4 _aENSAYO
650 4 _aLITERATURA CONTEMPORANEA
650 4 _aESCRITORES
650 4 _aFILOSOFIA LITERARIA
653 _aNARRATIVA
653 _aCRITICA SOCIAL
655 _aLITERATURA
700 1 _aBixio, Alberto Luis
_etraductor
800 1 _aDorian, Jean Pierre
_edirector
942 _cBK
998 _cMARTIN
999 _c1883
_d1883